[Event "FIDE-Wch k.o."]
[Site "Groningen"]
[Date "1997.12.10"]
[Round "1.2"]
[White "Spraggett, Kevin"]
[Black "Rublevsky, Sergei"]
[Result "0-1"]
[WhiteElo "2575"]
[BlackElo "2650"]
[Annotator "Ribli,Z"]
[PlyCount "78"]
[EventDate "1997.12.09"]
[EventType "k.o."]
[EventRounds "7"]
[EventCountry "NED"]
[SourceTitle "CBM 063"]
[Source "ChessBase"]
[SourceDate "1998.03.26"]
[SourceVersion "1"]
[SourceVersionDate "1998.03.26"]
[SourceQuality "1"]

1. c4 e5 2. Nc3 Nf6 3. Nf3 Nc6 4. g3 d5 {Die umgekehrte Drachenvariante. Weiß
spielt das Drachensystem mit Mehrtempo, und Schwarz spielt das weiße System.
Ribli.} 5. cxd5 Nxd5 6. Bg2 Nb6 7. O-O Be7 8. d3 O-O {Schwarz übt über das
Zentrumsfeld d4 positionellen Druck aus, während Weiß seine Chance auf der
halboffenen c-Linie suchen wird. Diese Variante ist in letzter Zeit sehr
populär.} 9. a3 Be6 (9... a5) 10. Be3 f5 11. Rc1 (11. b4 Bf6 12. Rc1 Rb8 13.
Bc5 Rf7 14. b5 Ne7 15. a4 Ned5 16. Nxd5 Bxd5 17. Qc2 e4 18. Ne1 Qe8 19. dxe4
fxe4 20. a5 Nc8 21. Qd2 Rd7 22. Qf4 b6 23. axb6 axb6 24. Bb4 Na7 25. Rxc7 Rxc7
26. Qxc7 Nxb5 27. Qc1 Nd4 28. Qd2 Qb5 {0-1 Sinanovic,M-Gabriel,C/CRO-Cup 1997 
(42)}) 11... Bf6 (11... Kh8 12. Na4 Nxa4 13. Qxa4 Bd5 14. Rfe1 a6 15. Bc5 e4
16. Bxe7 Qxe7 {1/2-1/2 Vaganian,R-Portisch,L/Moscow olm 1994/EXP 44}) 12. b4 {
Weiß führt den typischen Angriff am Damenflügel mit zwei gegen drei Bauern
durch und besitzt eine halboffene Linie. Auf der anderen Seite hat Schwarz
seine Chancen im Zentrum.} (12. Nd2 Kh8 (12... Rf7 13. Nb3 Nd5 14. Nc5 Nxc3 15.
Rxc3 Qe8 16. Nxe6 Qxe6 17. Qb3 Qxb3 18. Rxb3 Rd7 19. Rxb7 Nd4 20. Bxd4 exd4 21.
Rc1 Be5 22. Rb5 {1-0 Smejkal,J-Roos,T/Berlin op 1984/MCD-op}) (12... Rb8 13.
Nb3 Nd5 14. Nc5 Bf7 15. Bd2 Nxc3 16. Bxc3 Qd6 17. Bd2 Bd5 18. e4 fxe4 19. dxe4
Bf7 20. Be3 Rfd8 21. Qxd6 Rxd6 22. Bh3 a5 23. Rfd1 Rxd1+ 24. Rxd1 {1/2-1/2
Cebalo,M-Smejkal,J/Vrsac 1983/MCD-r8 (41)}) 13. Nb3 Bxb3 14. Qxb3 Nd4 15. Qa2
c6 16. Bd2 Nxe2+ 17. Nxe2 Qxd3 18. Bb4 Qxe2 19. Rfe1 Qh5 20. Bxf8 Rxf8 21. a4
e4 22. a5 Nd5 23. a6 bxa6 24. Rxc6 Nb4 25. Qa3 {Gyimesi,Z-Kosebay,O/EUCup G6
1997/1-0 (57)}) 12... Nd4 13. Bxd4 (13. Nd2 c6 14. Bxd4 exd4 15. Na4 Bf7 (15...
Nxa4 16. Qxa4 Bd5 17. Rc5 Bxg2 18. Kxg2 $14) 16. Nc5 Rb8 $11) 13... exd4 14.
Na4 Bd5 (14... Nd5 15. Nc5 Bc8 16. Qb3 $16) 15. Nc5 Qe7 16. Nb3 $146 {[%cal
Rb3d4]} (16. Qd2 Rae8 17. a4 c6 (17... Qxe2 18. Qxe2 Rxe2 19. a5 Na8 20. Nxd4
Bxg2 21. Nxe2 Bxf1 22. Kxf1 $14 {Weiß hat aktives Figurenspiel und Druck am
Damenflügel, während der schwarze Na8 sehr schlecht steht.}) 18. Rfe1 Nc8 19.
Qf4 Nd6 20. h4 b6 21. Na6 Qd7 22. Nd2 Bxg2 23. Kxg2 Kh8 $2 (23... Re7 $10 {
Hjartarson,J}) 24. Nf3 Rd8 25. e3 $1 Qb7 26. b5 c5 27. exd4 Bxd4 28. Kg1 Bf6
29. d4 $16 {Ljubojevic,L-Hjartarson,J/Reykjavik 1991}) 16... Rad8 $11 17. Bh3 (
17. Nbxd4 $2 Bxd4 18. Nxd4 Bxg2 $19 {[%cal Rd8d4]}) 17... Be6 (17... g6 18.
Nbxd4 Bxd4 19. Nxd4 $16) (17... Bxf3 18. exf3 $14 {Pf5 hängt und Weiß möchte
f3-f4 spielen, nebst Bg2 und Spiel auf den weißen Feldern.}) 18. Na5 {Weiß
verliert zu viel Zeit mit dem Springer, während Schwarz natürliche Züge
ausführt. Zudem gibt es im weißen Lager eine große positionelle Schwäche: der
Punkt c3.} (18. Nc5 $5) 18... c6 19. Re1 Qf7 $5 {[%cal Gf7a2] Mit diesem Zug
umgeht Schwarz eventuelle Unannehmlichkeiten auf der e-Linie und kontrolliert
die Diagonale g8-a2.} (19... Nd5 {[%csl Rc3,Gd4][%cal Rd5c3]} 20. Qc2 (20. e4
dxe3 (20... Nc3 21. Rxc3 dxc3 22. exf5 $16 {[%cal Re1e8]}) 21. fxe3 Bb2 $19)
20... Nc3 21. Nb3 Nb5 22. Qb2 $11) 20. Qc2 Rfe8 (20... Nd5 $5) 21. Bg2 Nd5 $15
{[%csl Gd4,Gd5][%cal Rd5c3] Schwarz hat das Läuferpaar - der Bf6 ist jedoch
noch nicht so gut postiert -, Raumvorteil im Zentrum und ein starkes
Springerfeld auf d5. Sein Plan ist einfach, auf den schwachen Punkt c3 zu
zielen.} 22. e3 {Sonst besetzt Schwarz das Feld c3.} dxe3 23. fxe3 {Jetzt
bekommt das Spiel offenen Charakter, was für Schwarz aufgrund des Läuferpaares
von Vorteil ist. Zudem sind die weißen Bauerninseln schwach, besonders seine
d- und e-Bauern sind für die schwarzen Türme leicht zu attackieren.} Nb6 24.
Kh1 Rd7 {[%csl Rd3]} 25. e4 Red8 {[%csl Gd7,Gd8][%cal Rd8d3] Schwarz hat
positionellen Vorteil. Weiß hat kein aktives Gegenspiel, während Schwarz über
viele Möglichkeiten verfügt.} 26. Re3 (26. e5 Be7 27. d4 g5 $15 (27... Bd5) (
27... Qh5 $15)) (26. Red1 Qh5 $15 (26... h6 $15)) 26... fxe4 27. dxe4 Qh5 {
[%csl Gh5]} 28. Rce1 Qb5 {[%csl Gb5]} 29. Bf1 Qh5 (29... Qa4 30. Qxa4 Nxa4 31.
e5 Be7 32. Bg2 $15) 30. Nb3 $6 {Weiß hat die schlechtere Stellung und möchte
gewinnen? Natürlich! Das war nämlich die zweite Partie des Miniwettkampfes,
und die erste Partie hat Spraggett verloren, weshalb er in dieser Partie auf
Sieg spielen muß. Es fällt ihm natürlich leicht, riskant zu spielen, denn
verlieren oder remis bedeuten hier ja das Gleiche: Den k.o.} Bg4 31. Bg2 Bg5
32. Nxg5 Qxg5 33. Qc5 (33. Nc5 Re7 $15 (33... Rd2 $2 34. Qb3+ Kh8 35. Nxb7 $16)
) 33... Qg6 34. e5 Rd1 $17 {[%csl Gd1,Gd8,Rh1] Schwarz hat die viel bessere
Figurenkoordination. Die weiße Königsstellung ist leicht anzugreifen.} 35. Be4
Qe6 36. Qc2 $6 (36. Qc3 Nd5 37. Bxd5 Qxd5+ $15) (36. Na5) 36... Nc4 $1 $19 {
[%csl Re1,Re3] Nach diesem Zug verliert Weiß Material und die Partie.} 37.
Bxh7+ {Es gibt keine Lösung, der Re3 hat kein Feld.} Kh8 38. Kg2 (38. Re4 Bf3+
$19) 38... Nxe3+ 39. Rxe3 Bh3+ {Und Weiß gab auf. Es gibt keine Verteidigung
gegen das drohende Matt.Ribli.} (39... Bh3+ 40. Kf2 Rf1+ 41. Ke2 Qg4+ 42. Rf3
Qxf3#) 0-1

[Event "USA-ch"]
[Site "Modesto"]
[Date "1995.??.??"]
[Round "4"]
[White "Gulko, Boris F"]
[Black "Waitzkin, Joshua"]
[Result "1/2-1/2"]
[WhiteElo "2620"]
[BlackElo "2440"]
[Annotator "Ribli,Z"]
[PlyCount "67"]
[EventDate "1995.11.??"]
[EventType "tourn"]
[EventRounds "13"]
[EventCountry "USA"]
[EventCategory "12"]
[SourceTitle "CBM 051"]
[Source "ChessBase"]
[SourceDate "1996.04.01"]
[SourceVersion "1"]
[SourceVersionDate "1996.04.01"]
[SourceQuality "1"]

1. c4 e5 2. Nc3 Nc6 3. Nf3 Nf6 4. g3 Bc5 5. Bg2 d6 6. O-O O-O 7. d3 {[#] Jetzt
steht der Anziehende vor einer schwierigen Entscheidung: Darf er den Zug Bg5
einfach zulassen oder besser verhindern.} a6 $5 (7... h6 8. a3 a5 9. b3 Ba7 10.
Bb2 Re8 11. e3 Bg4 12. h3 Bh5 13. Qc2 Qc8 14. Nd2 Ne7 15. Nb5 Bb8 16. c5 $14 {
Gulko,B-Ashley,M/San Francisco/1995/CBM46/}) 8. Bg5 $146 {Zwei Runde vorher
hat Gulko die selbe Stellung gehabt, aber er konnte aus der Eroeffnung keinen
Vorteil erreichen.} (8. e3 h6 9. b3 Ba7 10. Bb2 Rb8 $5 11. h3 b5 12. Rc1 Bd7
13. Kh2 Re8 $13 {Gulko,B-Wolff,P/USA-ch Modesto 02/1995/CBM51/}) 8... h6 9.
Bxf6 Qxf6 10. Ne4 Qe7 11. Nxc5 dxc5 12. Nd2 Bg4 $5 {[#] Der Nachziehende
konzentriert voellig auf seinen Angriffsplan, ueberlaesst er den Damenfluegel
dem Gegner.} 13. Ne4 {Weiss koennte hier mit 12.Bxc6 den schwarzen
Damenfluegel schwaechen, aber Gulko hat Angst vor einem schwarzen
Koenigsangriff.} (13. Bxc6 bxc6 $13) 13... Nd4 14. Nc3 c6 $10 {Watzkin hat die
Eroeffnung zufriedenstellend geloest.} 15. f3 Bh5 16. e3 Ne6 17. Qc2 g5 $5 {
Ein interassanter Versuch, die Stellung zu verschaerfen.} 18. Rae1 {<-> E} Qd7
19. f4 $5 exf4 20. exf4 {/\ f5} f5 21. fxg5 hxg5 22. Kh1 Rae8 23. Qd2 {>< g5}
Qg7 24. Ne2 Re7 25. a3 Qh6 {>< h2} 26. Ng1 Rh7 27. Bf3 Bf7 $5 (27... Bxf3+ 28.
Nxf3 {/\ Re5 >< c5,f5,g5}) 28. Bd1 f4 29. Qg2 Kh8 30. Bg4 fxg3 31. Qxg3 Nf4 32.
Bf5 Bg6 (32... Bd5+ 33. Be4 $10 (33. cxd5 Rxf5 $36)) 33. Bxg6 Qxg6 34. Ne2
1/2-1/2

[Event "Hoogovens"]
[Site "Merrillville"]
[Date "1997.11.30"]
[Round "5"]
[White "Van Wely, Loek"]
[Black "Piket, Jeroen"]
[Result "1-0"]
[WhiteElo "2655"]
[BlackElo "2630"]
[Annotator "Ribli,Z"]
[PlyCount "63"]
[EventDate "1997.11.28"]
[EventType "tourn"]
[EventRounds "5"]
[EventCountry "USA"]
[EventCategory "15"]
[SourceTitle "CBM 062"]
[Source "ChessBase"]
[SourceDate "1998.01.31"]
[SourceVersion "1"]
[SourceVersionDate "1998.01.31"]
[SourceQuality "1"]

1. c4 e5 2. Nc3 Nf6 3. Nf3 Nc6 4. g3 Nd4 {Nach meiner persönliche Meinung ist
die Variante ein wenig riskant für Schwarz. Schwarz tauscht zwei Springer aber
verliert Zeit. Ribli.} (4... d5) (4... Bb4) (4... Bc5) 5. Bg2 (5. Nxe5 $6 Qe7
6. f4 d6 7. Nd3 Bf5 $44 {[%csl Re1]}) 5... Nxf3+ 6. Bxf3 Bb4 (6... Bc5 $5) 7.
Qb3 Bc5 $5 {Die Idee des Manövers 6...Bb4,und 7...Bc5 ist: Schwarz provozierte
den Damenzug und in einigen Varianten steht die Dame schlechter auf b3 als auf
d1. Ribli.} (7... a5 8. O-O O-O 9. Rd1 d6 10. d4 exd4 11. Rxd4 Nd7 $6 12. Qc2
Ne5 13. Be4 $14 {Uhlmann,W-Gelfand,B Debrecen 1989 CBM/14 48/25}) 8. O-O O-O 9.
d3 (9. Na4 Be7 10. Rd1 c6 $1 (10... c5 11. d3 d6 12. Nc3 Re8 13. a3 Rb8 14. Qa2
Qd7 15. Nd5 Qh3 16. Nxf6+ Bxf6 17. Rb1 $14 {Miles,A-Sadler,M Oostende op 1991
EXP/26}) 11. d4 $5 e4 12. Bg2 d5 13. cxd5 cxd5 14. Bf4 b6 15. Nc3 Be6 16. Rac1
Qd7 17. Nb5 Rac8 18. Nc7 h6 19. f3 Bd6 $13 {Serper,G-Aseev,K/St Petersburg op2/
1994/EXP43/}) 9... h6 {Schwarz verhindert die mögliche Fesselung mit Bc1-g5.
Ribli.} (9... d6 10. Na4 $14 {Und Weiß bekommt das Läuferpaar. Ribli.}) (9...
c6 $5) 10. e3 (10. Bd2 Re8 11. Rac1 Rb8 12. Qa4 a6 13. b4 $14 Bf8 14. b5 Bc5
15. bxa6 bxa6 16. Rb1 Rb6 {1/2-1/2 Hansen,C-Christiansen,L/Munich 1992/CBM 30/
[Ribli] (31)}) (10. Bg2 Re8 11. Qc2 c6 12. Rb1 Bf8 13. e4 a6 14. b4 b5 15. c5
a5 16. a3 axb4 17. axb4 d6 18. cxd6 Qxd6 19. h3 Be6 20. Rd1 Qd7 {0-1 Liebert,
H-Kalinitschew,S/Halle-B 1987 (27)}) 10... a6 11. Rd1 $14 {Weiß bereitet den
Zentrumvorstoß d3-d4 vor. Sein Läufer auf f3 steht sehr aktiv auf der langen
Diagonalen, weil Schwarz Entwicklungsprobleme mit seinem c8-Läufer hat. Ribli.}
Ba7 12. d4 Qe7 13. dxe5 Qxe5 14. Nd5 $1 {[%csl Gd5] Schwarz muß den starken
weißen Springer tauschen, wonach der d5-Bauer positionellen Druck am
Damenfluegel entfaltet. Ribli.} (14. Qc2 d6 15. b3 Bf5 $11) 14... Nxd5 15. cxd5
{Dank des starken Bauern auf d5 hat Weiß dauerhafte Initiative und Schwarz
kein Gegenspiel. Ribli.} d6 16. Bd2 Bc5 {Schwarz möchte seine Läuferstellung
mit folgendem ...a6-a5 und ...b7-b6 festigen. Ribli.} (16... Rb8 17. Rac1 $14 {
[%cal Gc1c7]}) (16... Bf5 17. Bc3 Qe7 18. Qxb7 $16) (16... Bh3 17. Rac1 $14)
17. Bc3 Qf5 18. Bg2 a5 19. Bd4 {[%csl Gd4] Den weiße d4-Läufer erzwingt den
Läufertausch, wonach die Schwäche des Bauern c7 in der halboffenen c-Linie
spürbar wird. Ribli.} b6 (19... Bxd4 20. Rxd4 $14 {[%csl Rc7][%cal Ga1c1,Gd4c4,
Gb3c3,Gc1c7] Der weiße Plan ist einfach: Turmverdoppelung in der c- Linie
gefolgt von Qc3. Der c7-Bauer ist sehr schwach. Ribli.}) 20. Qc3 {Weiß
bereitet den Läufertausch vor. Er möchte a3 nebst b4 spielen, um nach
Läufertausch die entscheidende Schwäche c7 zu belagern. Ribli.} Qg6 (20... a4
21. b4 axb3 22. axb3 $14 {[%cal Gb3b4]}) 21. b3 {Weiß verbessert Zug um Zug
seine Stellung. Jetzt droht schon 22.a3, 23.b4 und die Antwort 21...a4 ist
verhindert. Ribli.} (21. a3 a4 $1 {Das ist eine typische Methode b2-b4
verhindern. Jetzt hätte Schwarz viel bessere Aussichten als in der Partie. Er
besitzt "ewig" den Läufer auf c5, der nicht mehr vertrieben werden kann. Ribli.
}) 21... Re8 (21... h5 $5) 22. a3 h5 {Eine gute Idee. Schwarz bekommt etwas
Initiative am Königsflügel. Ribli.} 23. Qd2 $5 {Jetzt will Weiß mehr als den
einfachen Läufertausch. Er möchte mit 24.Bc3 und 25.b4 den ganzen Läufer!
Ribli.} (23. b4 axb4 24. axb4 Rxa1 25. Rxa1 Bxd4 26. Qxd4 $14 {[%csl Rc7]})
23... h4 (23... Bxd4 24. Qxd4 $14) 24. Bc3 {[%csl Rc5][%cal Rb3b4]} h3 25. Bf1
b5 $8 {Die einzige Möglichkeit für die Rettung des Läufers. Ribli.} 26. b4 (26.
Bxb5 Qe4 {[%cal Re4g2]} 27. Bf1 Qf3 {[%csl Rg1][%cal Re8e3]} 28. Re1 Bb7 {
[%csl Rd5]} 29. Rad1 Bxa3 30. Bxh3 $16) 26... axb4 27. axb4 Rxa1 28. Rxa1 Bb6
29. Bd4 (29. Bxb5 $5 {Schwarz hat etwas Initiative am Königsflügel und der
Partiezug bietet sicheren Positionsvorteil, aber Weiß kann diesen Bauern
nehmen. Ribli.} Qe4 30. Bf1 (30. Bxe8 $4 Qg2#) 30... Qf3 31. Ra8 $1 {[%cal
Ra8g8]} (31. Qe2 Rxe3 32. Qxf3 (32. fxe3 Bxe3+ $19) 32... Rxf3 {[%csl Rf2]
[%cal Rf3c3]}) (31. Qd1 Rxe3)) 29... Qe4 (29... Bxd4 30. Qxd4 Bd7 31. Qc3 {
[%csl Rc7]}) 30. Bxb6 cxb6 {[%csl Rb5,Rb6] Anstelle der "ewigen" c7-Schwäche
hat Schwarz jetzt einen schwachen Doppelbauern. Ribli.} 31. Ra8 $16 {[%cal
Ra8g8]} Bg4 $4 {Ein unglaublicher Fehler! Nach 31...Bd7 hat Schwarz eine
passive Stellung, aber er kann seine Stellung noch verteidigen. Ribli.} (31...
Bd7 32. Rxe8+ Qxe8 (32... Bxe8 $2 33. Bxh3 $16) 33. Qd4 Qd8 34. e4 $16) 32. Qd4
$1 $18 {Schwarz gab auf, denn er verliert mindestens eine Figur. Ribli.} (32.
Qd4 Qxd4 (32... Qe7 33. Rxe8+ Qxe8 34. Qxg4 $18) (32... Rxa8 33. Qxe4 $18) 33.
Rxe8+ Kh7 34. exd4 $18) 1-0

[Event "USA-ch"]
[Site "Modesto"]
[Date "1995.??.??"]
[Round "11"]
[White "Gulko, Boris F"]
[Black "Khmelnitsky, Igor N"]
[Result "1-0"]
[WhiteElo "2620"]
[BlackElo "2490"]
[Annotator "Ribli,Z"]
[PlyCount "79"]
[EventDate "1995.11.??"]
[EventType "tourn"]
[EventRounds "13"]
[EventCountry "USA"]
[EventCategory "12"]
[SourceTitle "CBM 051"]
[Source "ChessBase"]
[SourceDate "1996.04.01"]
[SourceVersion "1"]
[SourceVersionDate "1996.04.01"]
[SourceQuality "1"]

1. c4 {Gulko} e5 2. Nc3 Nf6 3. Nf3 Nc6 4. g3 Bb4 5. Bg2 O-O 6. O-O Re8 {
In dieser Variante hat Gulko schon mehrere Erfahrungen} 7. d3 Bxc3 8. bxc3 e4
9. Nd4 h6 (9... d6 10. Bg5 exd3 11. exd3 Nxd4 12. cxd4 h6 13. Be3 Bg4 14. Qb3
Rb8 15. h3 Bf5 16. Rae1 $14 {Gulko,B-Kortschnoj,V/Horgen CS/1995/CBM50/}) 10.
dxe4 Nxe4 11. Qc2 Nc5 $146 (11... d5 12. cxd5 Qxd5 13. Rd1 Bf5 14. Qb2 Nxd4 15.
cxd4 Qd7 16. Bf4 c6 17. a4 $14 {Portisch,L-Salov,V/Tilburg/1994/CBM44/INF61,
(33)/}) 12. Ba3 $1 {Die aktiven weissen Figuren kompensieren seine schlechte
Bauernstruktur -a2,c3,c4- ausreichend.} Ne6 $8 13. Rad1 Ne5 14. Nxe6 (14. c5
Nc4) (14. Qb3 d6 {/\ 15...Nd7}) 14... Rxe6 (14... fxe6 15. Qe4 Nf7 16. c5 $36)
15. c5 $1 {Dieser Bauer stoert die schwarze Entwicklung sehr.} (15. Bd5 Ra6 $1
(15... Re8 $2 {Gulko} 16. f4 Ng4 17. Qg6 $18) 16. f4 Ng4 $1 $13) 15... Rb8 16.
Bd5 Ra6 (16... Re8 17. Qa4 $14) 17. Bb4 b5 18. Qe4 Nc4 $146 (18... Nc6 19. Bxc6
Rxc6 20. Qxc6 dxc6 21. Rxd8+ $18) (18... Ng6 19. c6 $1 $18) 19. Rd3 {Droht /\
Rf3 ><f7 /\ 20.Rf3->} Rf6 20. a4 a5 {Beginn taktischer Komplikationen, die
fuer Schwarz wegen dessen schlechter Entwicklung unguenstig enden.} (20... Nb2
21. Rf3 Nxa4 22. Rxf6 Qxf6 23. Qe8+ Kh7 24. Bxf7 $18) (20... a6 21. a5 $16 {
Schwarz hat eine sehr passive Stellung ohne realistische Gegenchancen.} (21.
axb5 {Gulko} axb5 22. Ra1 {/\ 23.Ra7})) 21. axb5 Nb2 (21... axb4 22. Qxc4 bxc3
23. Rc1 $18) 22. Bxa5 $1 {[#]} Nxd3 (22... Rxb5 {Gulko} 23. Bxc7 $1 Qxc7 24.
Qe8+ Kh7 25. Be4+ g6 26. Rd6 $1 $18) 23. Qxd3 $16 {Beide Bauern und die
aktiven Figuren -Ba5,Bd5- sind mehr als genuegende Kompensation fuer die
geopferten Qualitaet.} d6 24. c4 $1 Bf5 (24... dxc5 $4 25. Bxf7+ $18) 25. Qd4
Qe7 26. cxd6 cxd6 27. Re1 Rg6 (27... Qe5 28. Qxe5 dxe5 29. Bc7 Re8 30. b6 $18)
28. Bc3 h5 29. e4 Bh3 30. Ra1 $1 {Droht /\ Ra7 ><f7.} Qg5 31. b6 (31. Ra7 $4
Qc1+ $19) 31... Be6 32. Bc6 Qc5 33. Qxc5 dxc5 34. b7 Bxc4 35. Ra8 Rxc6 36.
Rxb8+ Kh7 37. Rc8 Rd6 38. b8=Q Rd1+ 39. Kg2 Bf1+ 40. Kf3 1-0